[Event "Quebec-ch U20 w"]
[Site "Montreal CAN"]
[Date "2016.02.12"]
[Round "1.1"]
[White "Yu, Cindy"]
[Black "Tsypin, Allison"]
[Result "1/2-1/2"]
[WhiteElo "1500"]
[BlackElo "1512"]
[PlyCount "60"]
[EventDate "2016.01.12"]
[EventType "tourn"]
[EventRounds "5"]
[EventCountry "CAN"]
[WhiteTeam "Kanada"]
[BlackTeam "Kanada"]
[WhiteTeamCountry "CAN"]
[BlackTeamCountry "CAN"]

1. e4 e5 2. Nf3 Nc6 3. Bc4 Bc5 4. c3 Nf6 5. d3 h6 6. b4 Be7 7. b5 Na5 8. Nxe5
O-O 9. O-O d6 10. Qa4 dxe5 11. Qxa5 b6 12. Qa4 Bb7 13. Nd2 Qc8 14. Nf3 Bd6 15.
Ba3 a6 16. Bxd6 cxd6 17. bxa6 Bxa6 18. Bxa6 Rxa6 19. Qb4 Qc7 20. c4 Rfa8 21. h3
Rxa2 22. Rxa2 Rxa2 23. Rb1 Ra6 24. Qb5 Qb7 25. c5 dxc5 26. Qxc5 Nd7 27. Qe7 f6
28. Nd2 Qc6 29. Nc4 Nc5 30. Qd8+ Kh7 1/2-1/2

[Event "Quebec-ch U20 w"]
[Site "Montreal CAN"]
[Date "2016.02.12"]
[Round "1.2"]
[White "Kuleshova, Julia"]
[Black "Shi, Linda"]
[Result "0-1"]
[WhiteElo "1534"]
[BlackElo "1803"]
[PlyCount "74"]
[EventDate "2016.01.12"]
[EventType "tourn"]
[EventRounds "5"]
[EventCountry "CAN"]
[WhiteTeam "Kanada"]
[BlackTeam "Kanada"]
[WhiteTeamCountry "CAN"]
[BlackTeamCountry "CAN"]

1. e4 c5 2. Nf3 Nc6 3. d4 cxd4 4. Nxd4 Nf6 5. Nc3 d6 6. Be3 Bd7 7. f3 a6 8. Qd2
e6 9. O-O-O Be7 10. g4 b5 11. g5 Nh5 12. h4 Ng3 13. Rh2 Nxf1 14. Rxf1 Ne5 15.
f4 Nc4 16. Qd3 Nxe3 17. Qxe3 b4 18. Nd1 Qa5 19. Kb1 d5 20. f5 e5 21. Nb3 Qb5
22. Re2 d4 23. Qd3 Qb6 24. c3 bxc3 25. bxc3 Ba4 26. c4 Rb8 27. Kc2 Qa5 28. Nb2
Bb4 29. Qg3 O-O 30. g6 fxg6 31. Ref2 Bxb3+ 32. axb3 Be1 33. Rxe1 Qxe1 34. Rg2
Qxg3 35. Rxg3 gxf5 36. exf5 Rxf5 37. Rg5 Rf2+ 0-1

[Event "Quebec-ch U20 w"]
[Site "Montreal CAN"]
[Date "2016.02.12"]
[Round "1.3"]
[White "Gao, Catherine"]
[Black "Li, Yi Lin"]
[Result "0-1"]
[WhiteElo "1384"]
[BlackElo "1949"]
[PlyCount "178"]
[EventDate "2016.01.12"]
[EventType "tourn"]
[EventRounds "5"]
[EventCountry "CAN"]
[WhiteTeam "Kanada"]
[BlackTeam "Kanada"]
[WhiteTeamCountry "CAN"]
[BlackTeamCountry "CAN"]

1. d4 d5 2. c4 e6 3. Nc3 Nf6 4. cxd5 exd5 5. Nf3 Bb4 6. Qc2 c5 7. a3 Qa5 8. Bd2
c4 9. g3 Nc6 10. Bg2 Be7 11. O-O Qd8 12. Rad1 O-O 13. b4 cxb3 14. Qxb3 Na5 15.
Qa2 Nc4 16. Bf4 Be6 17. Ne5 Nxa3 18. e4 Rc8 19. Qb3 Nc4 20. Nxc4 Rxc4 21. Nxd5
Bxd5 22. exd5 Rb4 23. Qf3 a5 24. Rfe1 Rb5 25. d6 Bxd6 26. Bxd6 Qxd6 27. Rb1 Rb4
28. Rxb4 Qxb4 29. Rd1 b5 30. Qf5 Qa4 31. Rb1 b4 32. d5 Rd8 33. Qe5 Qc2 34. Re1
b3 35. Re2 Qc1+ 36. Bf1 h6 37. Qb2 Qxb2 38. Rxb2 Rxd5 39. Rxb3 Nd7 40. Bc4 Rc5
41. Bd3 Kf8 42. Kf1 Ke7 43. Ke2 Rc7 44. h4 Nc5 45. Rc3 Kd6 46. Bc2 Ne6 47. Kd3
Nc5+ 48. Kd4 Ne6+ 49. Kd3 Ra7 50. Rc4 Kd5 51. Kc3 Rc7 52. Rxc7 Nxc7 53. Kb3 Kc5
54. Ka4 Kb6 55. Bb3 Ne6 56. Bc4 Nc5+ 57. Ka3 Ne6 58. Ka4 Nc5+ 59. Ka3 f6 60. f3
Nd7 61. Ka4 Ne5 62. Be2 Nc6 63. Bd3 Ne5 64. Be2 Nc6 65. Bd3 Nd4 66. Be4 Ne2 67.
Bd3 Nxg3 68. f4 f5 69. Kb3 g6 70. Kc4 Kc6 71. Kd4 Kd6 72. Kc4 Nh5 73. Kb5 Nxf4
74. Bc4 Ng2 75. h5 g5 76. Kxa5 Ke5 77. Kb4 Kf4 78. Kc3 g4 79. Kd2 Kg3 80. Ke2
Nf4+ 81. Kf1 Kh2 82. Bb5 g3 83. Bc6 g2+ 84. Bxg2 Nxg2 85. Kf2 Nh4 86. Kf1 Kg3
87. Kg1 f4 88. Kf1 f3 89. Kg1 f2+ 0-1

[Event "Quebec-ch U20 w"]
[Site "Montreal CAN"]
[Date "2016.02.13"]
[Round "2.1"]
[White "Yu, Cindy"]
[Black "Kuleshova, Julia"]
[Result "1-0"]
[WhiteElo "1500"]
[BlackElo "1534"]
[PlyCount "49"]
[EventDate "2016.01.12"]
[EventType "tourn"]
[EventRounds "5"]
[EventCountry "CAN"]
[WhiteTeam "Kanada"]
[BlackTeam "Kanada"]
[WhiteTeamCountry "CAN"]
[BlackTeamCountry "CAN"]

1. e4 c5 2. Nf3 d6 3. d4 cxd4 4. Nxd4 Nf6 5. Nc3 a6 6. f4 e6 7. Qf3 Nc6 8. Be3
Qc7 9. O-O-O Be7 10. g4 b5 11. e5 Bb7 12. Bg2 Na5 13. Qg3 dxe5 14. Bxb7 Nxb7
15. fxe5 Nd7 16. Bf4 O-O 17. h4 Rac8 18. g5 b4 19. Ne4 a5 20. Rd2 a4 21. g6
Nbc5 22. gxh7+ Kxh7 23. Rg2 Rg8 24. Ng5+ Bxg5 25. Qxg5 1-0

[Event "Quebec-ch U20 w"]
[Site "Montreal CAN"]
[Date "2016.02.13"]
[Round "2.2"]
[White "Shi, Linda"]
[Black "Gao, Catherine"]
[Result "1-0"]
[WhiteElo "1803"]
[BlackElo "1384"]
[PlyCount "97"]
[EventDate "2016.01.12"]
[EventType "tourn"]
[EventRounds "5"]
[EventCountry "CAN"]
[WhiteTeam "Kanada"]
[BlackTeam "Kanada"]
[WhiteTeamCountry "CAN"]
[BlackTeamCountry "CAN"]

1. e4 e5 2. Nf3 Nc6 3. Bb5 a6 4. Ba4 b5 5. Bb3 Nf6 6. O-O Bc5 7. Nxe5 Nxe5 8.
d4 Bxd4 9. Qxd4 d6 10. c3 O-O 11. Bg5 Be6 12. Nd2 c5 13. Qe3 Nfg4 14. Qf4 Ng6
15. Bxd8 Nxf4 16. Bg5 Nd3 17. f3 Nge5 18. Be7 Rfe8 19. Bxd6 c4 20. Bc2 Rad8 21.
Bxe5 Nxe5 22. Rfd1 Rd6 23. Nf1 Red8 24. Ne3 g6 25. Kf1 Nd3 26. Bxd3 cxd3 27.
Rd2 f5 28. e5 R6d7 29. f4 Kf7 30. g3 h6 31. a4 Rc8 32. axb5 axb5 33. Ra5 Rb8
34. Ng2 b4 35. Rc5 Bd5 36. Ne3 bxc3 37. Rxc3 Be4 38. Nc4 Ke6 39. Kf2 Bd5 40.
Rcxd3 Rb4 41. Ne3 Rb5 42. Nxd5 Rdb7 43. b4 Rb8 44. Nc7+ Kf7 45. Nxb5 Rxb5 46.
Rd7+ Ke8 47. e6 Rxb4 48. Ra2 Rb8 49. Rh7 1-0

[Event "Quebec-ch U20 w"]
[Site "Montreal CAN"]
[Date "2016.02.13"]
[Round "2.3"]
[White "Tsypin, Allison"]
[Black "Li, Yi Lin"]
[Result "1/2-1/2"]
[WhiteElo "1512"]
[BlackElo "1949"]
[PlyCount "119"]
[EventDate "2016.01.12"]
[EventType "tourn"]
[EventRounds "5"]
[EventCountry "CAN"]
[WhiteTeam "Kanada"]
[BlackTeam "Kanada"]
[WhiteTeamCountry "CAN"]
[BlackTeamCountry "CAN"]

1. e4 c5 2. Nf3 d6 3. Bb5+ Bd7 4. Bxd7+ Qxd7 5. d4 Qg4 6. O-O Qxe4 7. dxc5 dxc5
8. Nc3 Qc6 9. Ne5 Qc8 10. Qd3 Nd7 11. Nxd7 Qxd7 12. Qc4 e6 13. Be3 Qc6 14. Rad1
Be7 15. Rd2 Nf6 16. Rfd1 O-O 17. Qf4 Rac8 18. Qc4 Ra8 19. Qf4 Rfc8 20. Qc4 Re8
21. Qf4 b5 22. a4 a6 23. b3 Rac8 24. Rb1 Nd5 25. Nxd5 exd5 26. Qf3 d4 27. Qxc6
Rxc6 28. Bf4 g5 29. Bg3 Bd6 30. axb5 axb5 31. Ra1 Ra6 32. Rdd1 Rxa1 33. Rxa1
Bxg3 34. hxg3 Re2 35. Rc1 Kf8 36. Kf1 Re6 37. Ra1 b4 38. Ra5 Re5 39. Ra7 Kg7
40. Ra6 Re6 41. Ra5 Re5 42. Ra4 h6 43. Ra5 Kf6 44. Ra6+ Kg7 45. Ra5 Kf6 46.
Ra6+ Re6 47. Ra5 Re5 48. Ra6+ Re6 49. Ra5 Rc6 50. Ke2 Ke5 51. Kd3 Kd5 52. Ke2
Re6+ 53. Kd2 Rf6 54. Ke2 Re6+ 55. Kd2 Rc6 56. Ke2 Rf6 57. Ke1 Rb6 58. Kd2 Rc6
59. Kd3 Re6 60. Kd2 1/2-1/2

[Event "Quebec-ch U20 w"]
[Site "Montreal CAN"]
[Date "2016.02.13"]
[Round "3.1"]
[White "Gao, Catherine"]
[Black "Yu, Cindy"]
[Result "1/2-1/2"]
[WhiteElo "1384"]
[BlackElo "1500"]
[PlyCount "68"]
[EventDate "2016.01.12"]
[EventType "tourn"]
[EventRounds "5"]
[EventCountry "CAN"]
[WhiteTeam "Kanada"]
[BlackTeam "Kanada"]
[WhiteTeamCountry "CAN"]
[BlackTeamCountry "CAN"]

1. d4 Nf6 2. c4 g6 3. Nf3 Bg7 4. g3 O-O 5. Bg2 d6 6. O-O Nbd7 7. Nc3 c5 8. e3
a6 9. Qc2 Qc7 10. b3 cxd4 11. Nxd4 Nb6 12. Bb2 e5 13. Nf3 d5 14. cxd5 Nfxd5 15.
Rac1 Nxc3 16. Qxc3 Qxc3 17. Bxc3 Re8 18. Rfd1 Bg4 19. Rd2 Rac8 20. h3 Bxf3 21.
Bxf3 e4 22. Bg4 Rxc3 23. Rcd1 f5 24. Be2 Rec8 25. Rd6 R3c6 26. R6d2 Rc2 27.
Bc4+ R2xc4 28. bxc4 Rxc4 29. Rd8+ Kf7 30. Rb1 Ke7 31. Rb8 Nd5 32. R8xb7+ Kf6
33. Rd1 Rc7 34. Rb3 Ke6 1/2-1/2

[Event "Quebec-ch U20 w"]
[Site "Montreal CAN"]
[Date "2016.02.13"]
[Round "3.2"]
[White "Kuleshova, Julia"]
[Black "Tsypin, Allison"]
[Result "1-0"]
[WhiteElo "1534"]
[BlackElo "1512"]
[PlyCount "51"]
[EventDate "2016.01.12"]
[EventType "tourn"]
[EventRounds "5"]
[EventCountry "CAN"]
[WhiteTeam "Kanada"]
[BlackTeam "Kanada"]
[WhiteTeamCountry "CAN"]
[BlackTeamCountry "CAN"]

1. e4 e5 2. Nf3 Nc6 3. Bb5 a6 4. Ba4 Nf6 5. d3 b5 6. Bb3 d6 7. c3 Be7 8. O-O
O-O 9. Nbd2 Na5 10. Bc2 c5 11. Re1 Qc7 12. Nf1 Bd7 13. Ng3 g6 14. h3 Nc6 15.
Bh6 Rfe8 16. Nh2 a5 17. f4 Qb6 18. f5 c4+ 19. Be3 Qb7 20. Rf1 Qc8 21. Ng4 Qd8
22. Nxf6+ Bxf6 23. dxc4 bxc4 24. Qxd6 Bg7 25. Rfd1 Bc8 26. Qxc6 1-0

[Event "Quebec-ch U20 w"]
[Site "Montreal CAN"]
[Date "2016.02.13"]
[Round "3.3"]
[White "Li, Yi Lin"]
[Black "Shi, Linda"]
[Result "1/2-1/2"]
[WhiteElo "1949"]
[BlackElo "1803"]
[PlyCount "117"]
[EventDate "2016.01.12"]
[EventType "tourn"]
[EventRounds "5"]
[EventCountry "CAN"]
[WhiteTeam "Kanada"]
[BlackTeam "Kanada"]
[WhiteTeamCountry "CAN"]
[BlackTeamCountry "CAN"]

1. d4 d5 2. c4 e6 3. Nc3 Nf6 4. Nf3 Be7 5. e3 O-O 6. Qc2 Nbd7 7. b3 b6 8. Be2
dxc4 9. bxc4 Bb7 10. O-O Bb4 11. Nd2 Bxc3 12. Qxc3 c5 13. Ba3 Re8 14. f3 Qc7
15. Rac1 Rac8 16. Qd3 Red8 17. Ne4 Qc6 18. Nf2 cxd4 19. exd4 Ne5 20. Qc3 Ng6
21. Qe3 Qd7 22. Rfd1 Bc6 23. Ne4 b5 24. cxb5 Bxb5 25. Rxc8 Rxc8 26. Bxb5 Qxb5
27. Nd6 Qa4 28. Rd2 Rb8 29. Bc5 Ne7 30. Ne4 Ned5 31. Qa3 Qxa3 32. Bxa3 Nxe4 33.
fxe4 Nc3 34. Rb2 Rxb2 35. Bxb2 Nxe4 36. Kf1 f6 37. Ke2 Kf7 38. Kd3 Nd6 39. Ba3
Ke7 40. Bc5 a6 41. Kc3 Kd7 42. Kb4 Nb7 43. Bf8 g6 44. Kc4 Kc6 45. Bg7 f5 46. h4
Nd6+ 47. Kb4 Kb6 48. Bf8 a5+ 49. Kb3 Ne4 50. Kc4 Kc6 51. Be7 Ng3 52. Bd8 Nf1
53. Bg5 Ng3 54. Bd8 Nf1 55. Bg5 Nh2 56. Bd8 Ng4 57. Bg5 Nh2 58. Bd8 Ng4 59. Bg5
1/2-1/2

[Event "Quebec-ch U20 w"]
[Site "Montreal CAN"]
[Date "2016.02.14"]
[Round "4.1"]
[White "Yu, Cindy"]
[Black "Li, Yi Lin"]
[Result "0-1"]
[WhiteElo "1500"]
[BlackElo "1949"]
[PlyCount "68"]
[EventDate "2016.01.12"]
[EventType "tourn"]
[EventRounds "5"]
[EventCountry "CAN"]
[WhiteTeam "Kanada"]
[BlackTeam "Kanada"]
[WhiteTeamCountry "CAN"]
[BlackTeamCountry "CAN"]

1. e4 g6 2. d4 Bg7 3. Nf3 d6 4. Bd3 c5 5. Be3 Qb6 6. b3 Bg4 7. dxc5 dxc5 8. c3
Qd6 9. O-O Nc6 10. Be2 Nf6 11. Nbd2 Nd7 12. Rc1 O-O 13. Nc4 Qc7 14. Qd2 Rad8
15. Bf4 Nde5 16. Bxe5 Nxe5 17. Qe3 Bxf3 18. Bxf3 Rd3 19. Qe2 Nxf3+ 20. gxf3
Rxc3 21. Rxc3 Bxc3 22. Rd1 Bd4 23. Na3 Qf4 24. Nb5 Be5 25. Qc2 a6 26. Na3 Qxh2+
27. Kf1 Bd4 28. Nc4 h5 29. Nb2 Rd8 30. Nd3 Rd6 31. Rd2 Rf6 32. Nxc5 Qh1+ 33.
Ke2 Qxf3+ 34. Kf1 Qh1+ 0-1

[Event "Quebec-ch U20 w"]
[Site "Montreal CAN"]
[Date "2016.02.14"]
[Round "4.2"]
[White "Kuleshova, Julia"]
[Black "Gao, Catherine"]
[Result "1-0"]
[WhiteElo "1534"]
[BlackElo "1384"]
[PlyCount "43"]
[EventDate "2016.01.12"]
[EventType "tourn"]
[EventRounds "5"]
[EventCountry "CAN"]
[WhiteTeam "Kanada"]
[BlackTeam "Kanada"]
[WhiteTeamCountry "CAN"]
[BlackTeamCountry "CAN"]

1. e4 e5 2. Nf3 Nc6 3. Bb5 a6 4. Ba4 b5 5. Bb3 Nf6 6. d3 Be7 7. O-O O-O 8. Re1
Bb7 9. Nbd2 a5 10. c3 b4 11. Nf1 Ba6 12. Ng3 bxc3 13. bxc3 Qb8 14. Nf5 Bd8 15.
d4 d6 16. Rb1 Qa7 17. dxe5 Nxe5 18. Nxe5 dxe5 19. Be3 c5 20. Qd6 Nxe4 21. Qxe5
Bb7 22. Qxg7# 1-0

[Event "Quebec-ch U20 w"]
[Site "Montreal CAN"]
[Date "2016.02.14"]
[Round "4.3"]
[White "Tsypin, Allison"]
[Black "Shi, Linda"]
[Result "0-1"]
[WhiteElo "1512"]
[BlackElo "1803"]
[PlyCount "130"]
[EventDate "2016.01.12"]
[EventType "tourn"]
[EventRounds "5"]
[EventCountry "CAN"]
[WhiteTeam "Kanada"]
[BlackTeam "Kanada"]
[WhiteTeamCountry "CAN"]
[BlackTeamCountry "CAN"]

1. e4 c5 2. Nf3 Nc6 3. Bb5 d6 4. c4 g6 5. Bxc6+ bxc6 6. d4 Bg7 7. dxc5 Qa5+ 8.
Nbd2 Qxc5 9. Rb1 Nf6 10. b4 Qb6 11. O-O O-O 12. Bb2 Qc7 13. Re1 Rb8 14. a3 Bd7
15. Qe2 Rfe8 16. Bc3 Nh5 17. Bxg7 Nxg7 18. Qe3 a5 19. Qc3 axb4 20. axb4 Ra8 21.
Ra1 Qb7 22. h3 Ne6 23. Kh2 Nf4 24. Qe3 e5 25. Qc3 Rxa1 26. Rxa1 Rb8 27. Rb1 Qc8
28. Ng1 f5 29. Qf3 Qf8 30. Ne2 fxe4 31. Nxe4 Nxe2 32. Qxe2 Bf5 33. Rb2 d5 34.
cxd5 cxd5 35. Ng3 e4 36. Nxf5 gxf5 37. Qd2 Qd8 38. Qf4 Qf8 39. Qd2 Qd6+ 40. Kg1
h6 41. Qd4 Rc8 42. Rb1 Rc4 43. Qd2 d4 44. Qa2 Qd5 45. Qd2 d3 46. Qxh6 d2 47.
Qg6+ Kf8 48. Qf6+ Ke8 49. Qh8+ Kd7 50. Qg7+ Kc6 51. b5+ Kb6 52. Qf6+ Kc5 53.
Qf8+ Kd4 54. Qf6+ Kc5 55. Qf8+ Kb6 56. Qf6+ Kb7 57. Qg7+ Rc7 58. Qa1 Qc5 59.
Qa6+ Kb8 60. Kh2 Qe5+ 61. g3 Qd4 62. Kg2 d1=Q 63. Rxd1 Qxd1 64. Qb6+ Rb7 65.
Qc6 Qd7 0-1

[Event "Quebec-ch U20 w"]
[Site "Montreal CAN"]
[Date "2016.02.14"]
[Round "5.1"]
[White "Shi, Linda"]
[Black "Yu, Cindy"]
[Result "1-0"]
[WhiteElo "1803"]
[BlackElo "1500"]
[PlyCount "69"]
[EventDate "2016.01.12"]
[EventType "tourn"]
[EventRounds "5"]
[EventCountry "CAN"]
[WhiteTeam "Kanada"]
[BlackTeam "Kanada"]
[WhiteTeamCountry "CAN"]
[BlackTeamCountry "CAN"]

1. e4 e5 2. Nf3 Nc6 3. Bb5 a6 4. Ba4 Nf6 5. O-O d6 6. Re1 Be7 7. c3 O-O 8. h3
b5 9. Bc2 Bb7 10. d4 exd4 11. cxd4 Nb4 12. d5 Nxc2 13. Qxc2 Rc8 14. Nd4 Nd7 15.
Nd2 Bf6 16. N2f3 Ne5 17. Bf4 Nxf3+ 18. Nxf3 c6 19. dxc6 Rxc6 20. Qb3 Rc4 21.
Nd2 Rc5 22. Be3 Rc8 23. Rad1 d5 24. Nf3 Rc4 25. e5 Be7 26. a3 Qa8 27. Qd3 Rc6
28. Nd4 Rg6 29. Nf5 Bd8 30. Bc5 Re8 31. Nd6 Ree6 32. Nxb7 Qxb7 33. Qxd5 Qxd5
34. Rxd5 Bg5 35. f4 1-0

[Event "Quebec-ch U20 w"]
[Site "Montreal CAN"]
[Date "2016.02.14"]
[Round "5.2"]
[White "Li, Yi Lin"]
[Black "Kuleshova, Julia"]
[Result "1-0"]
[WhiteElo "1949"]
[BlackElo "1534"]
[PlyCount "78"]
[EventDate "2016.01.12"]
[EventType "tourn"]
[EventRounds "5"]
[EventCountry "CAN"]
[WhiteTeam "Kanada"]
[BlackTeam "Kanada"]
[WhiteTeamCountry "CAN"]
[BlackTeamCountry "CAN"]

1. c4 Nf6 2. d4 g6 3. Nc3 Bg7 4. e4 d6 5. Nf3 O-O 6. Be2 e5 7. O-O Nc6 8. d5
Ne7 9. Ne1 Nd7 10. Be3 f5 11. f3 Nf6 12. c5 f4 13. cxd6 cxd6 14. Bf2 a6 15. a4
b6 16. Qb3 Nd7 17. Qb4 Nc5 18. Nd3 g5 19. Qc4 Bb7 20. a5 b5 21. Qb4 Nxd3 22.
Bxd3 Rf6 23. Rfc1 h5 24. Bb6 Qf8 25. h3 Bc8 26. Be2 Bd7 27. Na2 Nc8 28. Rc7 Rf7
29. Rac1 Bf6 30. Bf2 Rb8 31. Qa3 Rg7 32. Nb4 Bd8 33. R7c3 Rg6 34. Nxa6 Rb7 35.
Nb4 Ne7 36. a6 Rb8 37. a7 Ra8 38. Nc6 g4 39. hxg4 hxg4 1-0

[Event "RA Fall op"]
[Site "Ottawa CAN"]
[Date "2016.09.21"]
[Round "1"]
[White "Donev, Danail"]
[Black "Valdizon, Armando"]
[Result "0-1"]
[WhiteElo "1945"]
[BlackElo "2102"]
[PlyCount "118"]
[EventDate "2016.09.21"]
[EventType "swiss"]
[EventRounds "5"]
[EventCountry "CAN"]

1. e4 e6 2. d4 d5 3. Nc3 Nf6 4. Bg5 Be7 5. e5 Nfd7 6. h4 Bxg5 7. hxg5 Qxg5 8.
Qd3 Nf8 9. Nf3 Qe7 10. O-O-O Bd7 11. Qe3 Nc6 12. Nb5 Rc8 13. c4 a6 14. Nc3 dxc4
15. Bxc4 Na5 16. Bd3 Bc6 17. Nh4 Rd8 18. f4 Qb4 19. Be4 Qxb2+ 20. Kxb2 Nc4+ 21.
Kc1 Nxe3 22. Bxc6+ bxc6 23. Rd3 Nd5 24. Ne2 Rb8 25. Ra3 Rb6 26. Nf3 Nd7 27. Ng5
h6 28. Ne4 Ke7 29. Rhh3 Rhb8 30. Rhb3 Rxb3 31. axb3 Rb6 32. Kb2 Ne3 33. Nd2 Nb8
34. g3 h5 35. Nc3 Nf5 36. Ne2 Rb5 37. Ne4 a5 38. Kc3 Na6 39. Kd3 Nb4+ 40. Kd2
Rd5 41. Kc3 Rb5 42. Kd2 Nxd4 43. Nxd4 Rd5 44. Kc3 Rxd4 45. Kxd4 Nc2+ 46. Kc5
Nxa3 47. Kxc6 Nc2 48. Kxc7 Nd4 49. Nd2 Ne2 50. Nf1 Nd4 51. Nd2 Ne2 52. Nf1 h4
53. gxh4 Nxf4 54. Ne3 Nd5+ 55. Kc6 Nxe3 56. Kb5 Ng4 57. Kxa5 Nxe5 58. Ka6 Kd6
59. b4 f5 0-1

[Event "RA Fall op"]
[Site "Ottawa CAN"]
[Date "2016.09.21"]
[Round "1"]
[White "Pacey, Kevin"]
[Black "Collins, Chris"]
[Result "1/2-1/2"]
[WhiteElo "2161"]
[BlackElo "2075"]
[PlyCount "60"]
[EventDate "2016.09.21"]
[EventType "swiss"]
[EventRounds "5"]
[EventCountry "CAN"]

1. b3 Nf6 2. Bb2 e6 3. c4 d5 4. Nf3 Nbd7 5. g3 Bd6 6. d4 c6 7. Bg2 O-O 8. O-O
Re8 9. Nc3 dxc4 10. bxc4 e5 11. e3 exd4 12. exd4 Nf8 13. Qb3 Bg4 14. Ng5 Ne6
15. Nxe6 Bxe6 16. d5 cxd5 17. cxd5 Bd7 18. Nb5 Bxb5 19. Qxb5 a6 20. Qb3 Ne4 21.
Bxe4 Rxe4 22. Rae1 Rxe1 23. Rxe1 Qd7 24. Kg2 Re8 25. Rxe8+ Qxe8 26. Qxb7 Qe4+
27. Kf1 Qb1+ 28. Kg2 Qe4+ 29. Kf1 Qb1+ 30. Kg2 Qe4+ 1/2-1/2

[Event "RA Fall op"]
[Site "Ottawa CAN"]
[Date "2016.09.21"]
[Round "1"]
[White "Simic, Dusan"]
[Black "Gordon, David"]
[Result "0-1"]
[WhiteElo "2133"]
[BlackElo "2237"]
[PlyCount "50"]
[EventDate "2016.09.21"]
[EventType "swiss"]
[EventRounds "5"]
[EventCountry "CAN"]

1. e4 c5 2. Nf3 Nc6 3. Bb5 Nf6 4. e5 Nd5 5. O-O g6 6. Re1 Bg7 7. c3 O-O 8. d4
cxd4 9. cxd4 Nc7 10. Bf1 d6 11. Nc3 Bg4 12. exd6 Qxd6 13. d5 Nd4 14. Be3 Nxf3+
15. gxf3 Bh5 16. Bg2 Rfd8 17. Qb3 Nxd5 18. Rad1 Bxc3 19. bxc3 Qc6 20. Bd4 b5
21. Rb1 a6 22. Re5 e6 23. Rxh5 gxh5 24. f4 Qc4 25. Qd1 Nxc3 0-1

[Event "RA Fall op"]
[Site "Ottawa CAN"]
[Date "2016.09.22"]
[Round "2"]
[White "Collins, Chris"]
[Black "Mahdjoubi, Abdelaziz"]
[Result "1/2-1/2"]
[WhiteElo "2075"]
[BlackElo "1736"]
[PlyCount "39"]
[EventDate "2016.09.21"]
[EventType "swiss"]
[EventRounds "5"]
[EventCountry "CAN"]

1. d4 Nf6 2. Nf3 e6 3. e3 b6 4. Bd3 Bb7 5. Nbd2 Be7 6. O-O O-O 7. Qe2 d5 8. c3
Ne4 9. a3 c5 10. Re1 Nd7 11. Nf1 f5 12. N3d2 Bh4 13. g3 Rf6 14. gxh4 Rg6+ 15.
Ng3 Qxh4 16. Nf3 Qg4 17. Nd2 Qh4 18. Nf3 Qg4 19. Nd2 Qh4 20. Nf3 1/2-1/2

[Event "RA Fall op"]
[Site "Ottawa CAN"]
[Date "2016.09.22"]
[Round "2"]
[White "Sadeghi, Saeid"]
[Black "Villeneuve, Robert"]
[Result "1/2-1/2"]
[WhiteElo "2098"]
[BlackElo "1981"]
[PlyCount "117"]
[EventDate "2016.09.21"]
[EventType "swiss"]
[EventRounds "5"]
[EventCountry "CAN"]

1. d4 d5 2. c4 c6 3. Nf3 Nf6 4. e3 e6 5. Nc3 Nbd7 6. b3 Bd6 7. Bd3 O-O 8. Bb2
e5 9. dxe5 Nxe5 10. Nxe5 Bxe5 11. Qc2 dxc4 12. Bxc4 Bg4 13. O-O Bh5 14. Bd3 Bg6
15. Bxg6 hxg6 16. Rfd1 Qa5 17. Ne2 Bxb2 18. Qxb2 Rad8 19. Nc3 Nd5 20. Nxd5 Rxd5
21. b4 Qd8 22. Qc2 Rxd1+ 23. Rxd1 Qb6 24. Qd2 Rc8 25. Qd7 Qc7 26. g3 b6 27. Kf1
Kf8 28. Ke2 Qb8 29. Rd4 Qc7 30. Kd3 Qb8 31. Ke2 Qc7 32. e4 c5 33. Qxc7 Rxc7 34.
Rc4 Ke7 35. bxc5 bxc5 36. f4 Kd6 37. Kd3 Kc6 38. Rc2 Rd7+ 39. Kc3 Rd1 40. Re2
Kb5 41. Kc2 Ra1 42. Kb2 Rd1 43. e5 Kc4 44. Kc2 Ra1 45. Re4+ Kd5 46. Ra4 Rh1 47.
Rxa7 Rxh2+ 48. Kc3 Rg2 49. Rd7+ Kc6 50. Rxf7 Rxg3+ 51. Kc4 Ra3 52. e6 Rxa2 53.
e7 Ra4+ 54. Kd3 Kd7 55. Ke3 Ra1 56. Rxg7 Re1+ 57. Kd2 Rxe7 58. Rxg6 Re6 59.
Rxe6 1/2-1/2

[Event "RA Fall op"]
[Site "Ottawa CAN"]
[Date "2016.09.22"]
[Round "2"]
[White "Uthayakumar, Ronan"]
[Black "Palsson, Halldor"]
[Result "0-1"]
[WhiteElo "1849"]
[BlackElo "1984"]
[PlyCount "70"]
[EventDate "2016.09.21"]
[EventType "swiss"]
[EventRounds "5"]
[EventCountry "CAN"]

1. e4 e6 2. d4 d5 3. Nc3 Bb4 4. e5 c5 5. a3 Bxc3+ 6. bxc3 Ne7 7. h4 Qa5 8. Bd2
Qa4 9. Nf3 Nbc6 10. Bc1 Bd7 11. h5 O-O-O 12. Bb2 f6 13. Be2 fxe5 14. dxe5 Nf5
15. c4 dxc4 16. Nd2 Nfd4 17. Rc1 Nxe5 18. f4 Nf7 19. Bxc4 Nd6 20. Bd3 N6f5 21.
Rh3 Bc6 22. Be4 Bxe4 23. Nxe4 Qc6 24. Nf2 Qxg2 25. Qg4 Qd5 26. Rd3 Qa2 27. Bxd4
cxd4 28. Rb3 Rd7 29. Qd1 Rc7 30. Kd2 Ne3 31. Rxe3 dxe3+ 32. Kxe3 Rd8 33. Nd3
Qxa3 34. Ra1 Qc3 35. Rxa7 Qd4+ 0-1

[Event "RA Fall op"]
[Site "Ottawa CAN"]
[Date "2016.09.22"]
[Round "2"]
[White "Yao, Sammy"]
[Black "Yang, Fan"]
[Result "1/2-1/2"]
[WhiteElo "2083"]
[BlackElo "1966"]
[PlyCount "83"]
[EventDate "2016.09.21"]
[EventType "swiss"]
[EventRounds "5"]
[EventCountry "CAN"]

1. c4 e5 2. g3 Nf6 3. Bg2 Nc6 4. Nc3 d6 5. d3 Be6 6. Nd5 Be7 7. Nxe7 Qxe7 8. b4
d5 9. b5 Na5 10. Qa4 b6 11. Ba3 Qd7 12. Nf3 dxc4 13. Nxe5 Qd4 14. O-O Bd5 15.
Nf3 Qg4 16. e4 Bb7 17. Ne5 Qe6 18. Nxc4 Nxc4 19. dxc4 Nd7 20. Rac1 c5 21. bxc6
Qxc6 22. Qd1 Nc5 23. Bxc5 Qxc5 24. Qg4 O-O 25. Rfd1 Bc6 26. Qf4 Rac8 27. Bh3
Rce8 28. Re1 Rd8 29. Qc7 Rd2 30. Rf1 Rxa2 31. e5 Re2 32. Qxa7 Rxe5 33. Bg2 Bxg2
34. Kxg2 Qc6+ 35. Kg1 Rc5 36. Rb1 Rxc4 37. Rxb6 Qf3 38. Rb8 Rcc8 39. Rxc8 Rxc8
40. Qd7 Ra8 41. Re1 h6 42. Re8+ 1/2-1/2

[Event "RA Fall op"]
[Site "Ottawa CAN"]
[Date "2016.09.23"]
[Round "3"]
[White "Palsson, Halldor"]
[Black "Pacey, Kevin"]
[Result "0-1"]
[WhiteElo "1984"]
[BlackElo "2161"]
[PlyCount "64"]
[EventDate "2016.09.21"]
[EventType "swiss"]
[EventRounds "5"]
[EventCountry "CAN"]

1. d4 Nf6 2. c4 e6 3. Nc3 Bb4 4. Qc2 d5 5. cxd5 Qxd5 6. e3 e5 7. Bd2 Bxc3 8.
bxc3 exd4 9. cxd4 Nc6 10. Nf3 Bf5 11. Qa4 O-O 12. Bc4 Qd6 13. O-O Be4 14. Ng5
Bd5 15. Bd3 Ng4 16. f4 h6 17. Nf3 Bxf3 18. Rxf3 Rab8 19. h3 Nf6 20. Rc1 Nd5 21.
Bb1 f5 22. Rc5 Nce7 23. Qxa7 b6 24. Rxd5 Nxd5 25. Qa4 Ra8 26. Qc4 Kh8 27. g4 g6
28. Kf2 c6 29. gxf5 gxf5 30. Rg3 Qf6 31. Bxf5 Qxf5 32. Qxc6 Nf6 0-1

[Event "RA Fall op"]
[Site "Ottawa CAN"]
[Date "2016.09.23"]
[Round "4"]
[White "Collins, Chris"]
[Black "Cova, Ramon"]
[Result "1-0"]
[WhiteElo "2075"]
[BlackElo "2085"]
[PlyCount "29"]
[EventDate "2016.09.21"]
[EventType "swiss"]
[EventRounds "5"]
[EventCountry "CAN"]

1. e4 Nf6 2. Nc3 d5 3. e5 Ne4 4. d4 Nxc3 5. bxc3 Bf5 6. Rb1 b6 7. Ba3 Qd7 8.
Nf3 h6 9. Bd3 Bxd3 10. cxd3 Na6 11. O-O Rc8 12. e6 Qc6 13. Ne5 Qb7 14. Qf3 c5
15. Qxf7+ 1-0

[Event "RA Fall op"]
[Site "Ottawa CAN"]
[Date "2016.09.23"]
[Round "4"]
[White "Pacey, Kevin"]
[Black "Gordon, David"]
[Result "1-0"]
[WhiteElo "2161"]
[BlackElo "2237"]
[PlyCount "83"]
[EventDate "2016.09.21"]
[EventType "swiss"]
[EventRounds "5"]
[EventCountry "CAN"]

1. g3 d5 2. Bg2 e5 3. d3 Nc6 4. Nf3 f6 5. c3 Be6 6. Nbd2 Qd7 7. b4 a5 8. b5 Nd8
9. a4 Bd6 10. O-O Ne7 11. e4 c6 12. d4 Nf7 13. Qe2 O-O 14. Bb2 cxb5 15. axb5
exd4 16. cxd4 Bb4 17. e5 f5 18. Nb3 b6 19. Nc1 Ng6 20. Na2 Be7 21. Nc3 Rfc8 22.
Na4 Bd8 23. Rfc1 f4 24. Bf1 Bg4 25. Qd3 Bf5 26. Qb3 Ne7 27. Ba3 Be6 28. Bxe7
Qxe7 29. Rc6 Rxc6 30. bxc6 Rc8 31. Rc1 Bc7 32. Ba6 Rb8 33. Nc3 Qd8 34. Nb5 fxg3
35. hxg3 Ng5 36. Nxg5 Qxg5 37. Qa3 Rf8 38. Nxc7 Rxf2 39. Kxf2 Qd2+ 40. Be2 Bg4
41. Qe3 Qb2 42. Rd1 1-0